004720000a22001210004500090001700000245016000017041001400177700003300191100003200224942001300256773006400269999001700333 aASbSeriadas10aMariposas diurnas de la Serranía de los Churumbelos, Caucasdistribución altitudinal y diversidad de especies (Lepidoptera: Rhopalocera: Papilionoidea)0 aEspañol1 aHurtas H., Blanca C.91000721 aArias B., John Jairo935097 cARTICULO1 tRevista Colombiana de Entomologíah3-4q169-176d2001g27 c15850d15850